Govt. of
Madhya Pradesh

Normal view MARC view

Entry Personal Name

Number of records used in: 1

001 - CONTROL NUMBER

  • control field: 81037

003 - CONTROL NUMBER IDENTIFIER

  • control field: OSt

005 - DATE AND TIME OF LATEST TRANSACTION

  • control field: 20210912125707.0

008 - FIXED-LENGTH DATA ELEMENTS

  • fixed length control field: 210912|| aca||aabn | a|a d

040 ## - CATALOGING SOURCE

  • Original cataloging agency: OSt
  • Transcribing agency: OSt

100 ## - HEADING--PERSONAL NAME

  • Personal name: नेमा,चन्‍द्रा

670 ## - SOURCE DATA FOUND

  • Source citation: Work cat.: (OSt)64255: नेमा,चन्‍द्रा , यथार्थ,नेमा , 2018